<?xml version="1.0" encoding="UTF-8"?>
<record
    xmlns:xsi="http://www.w3.org/2001/XMLSchema-instance"
    xsi:schemaLocation="http://www.loc.gov/MARC21/slim http://www.loc.gov/standards/marcxml/schema/MARC21slim.xsd"
    xmlns="http://www.loc.gov/MARC21/slim">

  <leader>01657nam a22002057a 4500</leader>
  <datafield tag="999" ind1=" " ind2=" ">
    <subfield code="c">357943</subfield>
    <subfield code="d">357943</subfield>
  </datafield>
  <controlfield tag="003">IT-MiCISF</controlfield>
  <controlfield tag="005">20180709110301.0</controlfield>
  <controlfield tag="008">180709b           ||||| |||| 00| 0 eng d</controlfield>
  <datafield tag="040" ind1=" " ind2=" ">
    <subfield code="c">IT-MiCISF</subfield>
  </datafield>
  <datafield tag="041" ind1=" " ind2=" ">
    <subfield code="a">it</subfield>
  </datafield>
  <datafield tag="100" ind1=" " ind2=" ">
    <subfield code="a">Kasper Walter</subfield>
    <subfield code="9">57297</subfield>
  </datafield>
  <datafield tag="245" ind1=" " ind2=" ">
    <subfield code="a">Il messaggio di Amoris Laetitia</subfield>
    <subfield code="b">Una discussione fraterna</subfield>
  </datafield>
  <datafield tag="260" ind1=" " ind2=" ">
    <subfield code="a">Brescia</subfield>
    <subfield code="b">Queriniana</subfield>
    <subfield code="c">2018</subfield>
  </datafield>
  <datafield tag="300" ind1=" " ind2=" ">
    <subfield code="a">pp. 74</subfield>
  </datafield>
  <datafield tag="500" ind1=" " ind2=" ">
    <subfield code="a">chiesa, famiglia, matrimonio, pastorale-familiare, pastorale-situazioni-difficili, spiritualit&#xE0;-familiare</subfield>
  </datafield>
  <datafield tag="520" ind1=" " ind2=" ">
    <subfield code="a">Negli ultimi decenni, non c'&#xE8; documento papale che sia stato tanto atteso, prima, e tanto serratamente discusso, poi, come Amoris Laetitia: se n'&#xE8; fatto un pomo della discordia. Prendendo atto di questo bizzarro "primato", il cardinal Kasper riporta l'attenzione dei lettori sul cuore pulsante dell'esortazione apostolica: indicare come e in che cosa la chiesa, dato l'attuale contesto, pu&#xF2; contribuire positivamente alla riuscita dell'amore in famiglia e nel matrimonio.
Lungi da qualsiasi intenzione polemica, il porporato tedesco si impegna a dimostrare che papa Francesco non propugna alcuna dottrina "nuova". Amoris Laetitia si colloca in perfetta continuit&#xE0; con la tradizione autentica della chiesa, non da ultimo con Tommaso d'Aquino, il Vaticano II e il magistero degli ultimi pontefici. E, in maniera del tutto conseguente, Amoris Laetitia sviluppa per l'oggi un patrimonio tradizionale e al tempo stesso attuale, segnando un progresso nella comprensione della verit&#xE0; - quella verit&#xE0; che &#xE8; stata rivelata una volta per sempre.
</subfield>
  </datafield>
  <datafield tag="650" ind1=" " ind2=" ">
    <subfield code="a">pastorale-familiare</subfield>
    <subfield code="9">56039</subfield>
  </datafield>
  <datafield tag="654" ind1=" " ind2=" ">
    <subfield code="a">saggio</subfield>
  </datafield>
  <datafield tag="942" ind1=" " ind2=" ">
    <subfield code="2">ddc</subfield>
    <subfield code="c">BK</subfield>
  </datafield>
  <datafield tag="952" ind1=" " ind2=" ">
    <subfield code="0">0</subfield>
    <subfield code="1">0</subfield>
    <subfield code="2">ddc</subfield>
    <subfield code="4">0</subfield>
    <subfield code="6">A_2266_000000000000000</subfield>
    <subfield code="7">1</subfield>
    <subfield code="a">CISF</subfield>
    <subfield code="b">CISF</subfield>
    <subfield code="d">2018-07-09</subfield>
    <subfield code="l">0</subfield>
    <subfield code="o">a2266</subfield>
    <subfield code="p">9788839934062</subfield>
    <subfield code="r">2018-07-09 00:00:00</subfield>
    <subfield code="w">2018-07-09</subfield>
    <subfield code="y">BK</subfield>
  </datafield>
</record>
